000 00641nam a2200217Ia 4500
999 _c41170
_d41170
001 7820
003 GE_BSU
005 20221114162644.0
008 181216s2010||||en |||||||||||||| ||eng||
020 _a9780980576894x
040 _cGE_BSU
041 _aeng
080 _a7.05 B-34
100 _aBeaird,Jason
_914814
245 4 _aThe Principles of Beautiful Web design /
_cJason Beaird
264 _aUSA :
_bSitepoint,
_c2010.
300 _a196 p.:
_bIll.
_c25 cm.
653 _aThe Principles of Beautiful Web design
653 _aლამაზი ვებ დიზაინის პრინციპები
942 _cBK
_2udc